Vanity fair

Detalles Bibliográficos
Nuevo Título:Vogue
Título anterior:Dress & vanity fair
Formato: Electrónico Revista
Lenguaje:inglés
Publicado: [New York] : [Vanity Fair Pub. Co.], [1913]-
Materias:
Acceso en línea:Full text available from Research Library: 01/01/2003 to present

MARC

LEADER 00000nas a2200000 a 4500
001 ssj0001662
003 WaSeSS
005 20200512172242.0
006 m d
007 cr n
008 820421c19149999nyumx p s 0 a0eng c
010 |a  16012043   |z sn 83003978   |z sn 82003420  
016 |a (AMICUS)000000653543 
016 7 |a 011151424  |2 Uk 
016 7 |a 013933678  |2 Uk 
022 |l 0733-8899  |y 0733-8899 
032 |a 697930  |b USPS 
035 |a (WaSeSS)ssj0001662 
037 |b Condé Nast Publications Inc., Condé Nast Bldg., 350 Madison Ave., New York, N.Y. 10017 
040 |a VA@  |b eng  |c VA@  |d NSD  |d NST  |d DLC  |d NSD  |d DLC  |d NST  |d DLC  |d NSD  |d NST  |d AIP  |d DLC  |d NST  |d MUL  |d NST  |d OCL  |d IUL  |d FUG  |d NSD  |d NST  |d DLC  |d NSD  |d OCL  |d NST  |d WAU  |d HUL  |d SYS  |d GUA  |d OCLCQ  |d NYP  |d CDS  |d KNV  |d EEM  |d OCLCQ  |d UKMGB  |d OCLCF  |d ZYU  |d OCLCQ  |d OCLCO  |d GUA  |d I8M  |d KE7  |d GRR  |d OCLCO  |d LIP  |d XFH  |d OCLCQ  |d AVA  |d NLC  |d GOU  |d LE7  |d TYC  |d HTM  |d OCLCO  |d TL4  |d JX9  |d ZQP  |d OCLCQ  |d OCLCO  |d LBQ  |d RCZ  |d WaSeSS 
042 |a nsdp  |a pcc 
050 0 0 |a AP2  |b .V3 
082 0 4 |a 051  |2 19 
130 0 |a Vanity fair (New York, N.Y.) 
210 0 |a Vanity fair  |b (N.Y.N.Y.) 
222 0 |a Vanity fair  |b (New York, N.Y.) 
245 1 0 |a Vanity fair  |h [electronic resource]. 
260 |a [New York] :  |b [Vanity Fair Pub. Co.],  |c [1913]- 
310 |a 12 issues per year,  |b 2015- 
321 |a Monthly,  |b <1914>-2014 
362 0 |a [Vol. 1, no. 5] ([Jan. 1914])- 
500 |a Imprint varies: N.Y., N.Y. : Condé Nast Publications, <July 1995-> 
506 |a License restrictions may limit access. 
515 |a Issues for Jan. 1914-Feb. 1936 called also v. 1, no. 5-v. 45, no. 6. 
515 |a Issues for Mar. 1983-July 1995 called v. 46, no. 1-v. 58, no. 7; for Aug. 1995-<Sept. 2014> called: no. 420-no. <649> 
515 |a 2015- : No issue in Jan., combined issue in June/July, Hollywood issue in Feb, Holiday issue in Nov. 
580 |a Absorbed by: Vogue, Mar. 1936; resumed publication Mar. 1983 with v. 46, no. 1. 
580 |a Issued also in an Italian ed. (with different textual content) under title: Vanity fair Italia, June 1990-; Vanity fair (Milan, Italy), Oct. 2003- 
588 1 |a No. 649 (Sept. 2014). 
588 1 |a No. 443 (July 1997). 
650 0 |a Dressmaking  |v Periodicals. 
650 0 |a Fashion  |v Periodicals. 
650 7 |a Dressmaking.  |2 fast  |0 (OCoLC)fst00898000 
650 7 |a Fashion.  |2 fast  |0 (OCoLC)fst00921600 
655 0 |a Electronic journals. 
775 1 |t Vanity fair Italia  |w (DLC) 91648557  |w (OCoLC)23436101 
780 0 0 |t Dress & vanity fair  |w (DLC)sf 83000003  |w (OCoLC)8337438 
785 1 4 |t Vogue  |g Mar. 1936-Feb. 1983  |x 0042-8000  |w (DLC) 08036997  |w (OCoLC)1769261 
850 |a AzU  |a CLSU  |a CSt  |a CU  |a CU-I  |a CU-Riv  |a CU-S  |a CoFS  |a CtNlC  |a DGW  |a DLC  |a DeU  |a FU  |a GEU  |a ICarbS  |a INS  |a IaAS  |a InU  |a KMK  |a LU  |a MA  |a MBU  |a MH  |a MH-BA  |a MoKU  |a NN  |a NNC  |a NSyU  |a NcD  |a NcRS  |a NcWsW  |a NhD  |a NhU  |a NjR  |a OCU  |a OrU  |a PPiC  |a PU  |a TU  |a TxDaM  |a TxU  |a ViBlbV  |a ViU  |a ViW  |a WM  |a WaU 
853 0 3 |8 1  |a v.  |b no.  |u 12  |v r  |i (year)  |j (month)  |w m 
853 0 3 |8 2  |a no.  |i (year)  |j (month)  |w m 
853 2 0 |8 3  |a v.  |b no.  |u 12  |v r  |g no.  |i (year)  |j (month)  |w m  |x 01 
856 4 0 |z Full text available from Research Library: 01/01/2003 to present  |u https://search.proquest.com/publication/34691 
863 4 0 |8 1.1  |a <46>  |b <1>  |i <1983>  |j <03> 
863 4 0 |8 2.1  |a <420>  |i <1995>  |j <08> 
863 4 1 |8 3.1  |a <48>  |b <1>  |g <545>  |i <2006>  |j <01>